000 00560nam a2200193 a 4500
005 20140310183517.0
008 110108s19uu xx 00 eng d
020 _a9780415878937
050 _aHD 59
_b.Sw93 2010
100 _aSwann, Patricia
245 _aCases in public relations management /
_cPatricia Swann
_bPatricia Swann
260 _aNew York :
_bRoutledge,
_c2010.
300 _a368 p. :
_bill. ;
_c24 cm.
521 _aMC
650 _aPublic relations-Management-Case studies.
942 _cBK
_2lcc
_kFOR
999 _c24324
_d24324